|
|
|
|
| LEADER |
00000nam0a2200000 4500 |
| 001 |
366852 |
| 005 |
20231102011926.0 |
| 035 |
|
|
|a (RuTPU)RU\TPU\retro\24215
|
| 090 |
|
|
|a 366852
|
| 100 |
|
|
|a 20220221d1979 m y0rusy50 ca
|
| 101 |
0 |
|
|a rus
|
| 102 |
|
|
|a RU
|
| 105 |
|
|
|a a z 001zy
|
| 200 |
1 |
|
|a Лазерная оперативная связь с промышленными объектами
|f В. Т. Загороднюк, Д. Я. Паршин
|
| 210 |
|
|
|a Москва
|c Связь
|d 1979
|
| 215 |
|
|
|a 104 с.
|c ил.
|
| 320 |
|
|
|a Библиогр.: с. 101-103
|
| 606 |
1 |
|
|a Промышленные предприятия
|x Связь
|x Эксплуатация
|2 stltpush
|3 (RuTPU)RU\TPU\subj\52675
|9 71080
|
| 610 |
1 |
|
|a оперативная связь
|
| 610 |
1 |
|
|a лазерные системы
|
| 610 |
1 |
|
|a построение
|
| 610 |
1 |
|
|a передающие устройства
|
| 610 |
1 |
|
|a оптические волны
|
| 610 |
1 |
|
|a распространение в атмосфере
|
| 610 |
1 |
|
|a приемные устройства
|
| 610 |
1 |
|
|a расчет
|
| 610 |
1 |
|
|a применение
|
| 610 |
1 |
|
|a строительство
|
| 610 |
1 |
|
|a горное дело
|
| 610 |
1 |
|
|a погрузочно-разгрузочные работы
|
| 675 |
|
|
|a 658.284
|v 4
|
| 700 |
|
1 |
|a Загороднюк
|b В. Т.
|g Витольд Трофимович
|
| 701 |
|
1 |
|a Паршин
|b Д. Я.
|g Дмитрий Яковлевич
|
| 801 |
|
1 |
|a RU
|b 63413507
|c 20220221
|
| 942 |
|
|
|c BK
|